000 00414nam a2200181Ia 4500
001 10632
005 20260306161846.0
008 260306t1964||||xx |||||||||||||| ||spa||
041 _aESP
082 _a946
_bC238
100 _aJunta Interministerial
_eAUT
245 0 _aCeuta y melilla
260 _c1964
300 _a155 páginas :
_c19 cm.
650 _aGEN
654 _aCHU
942 _cLIB
_dJUS
_fJUS
_2ddc
_n
999 _c10632
_d10632